000 00433nam a2200181Ia 4500
001 2928
005 20260306144843.0
008 260306t1982||||xx |||||||||||||| ||spa||
041 _aESP
082 _a234
_bG14
100 _aGalot, Jean
_eAUT
245 0 _a¡Cristo!, ¿tú quien eres?:
_bcristología I
260 _c1982
300 _axv, 422 páginas :
_c18 cm.
650 _aGEN
654 _aCHU
942 _cLIB
_dJUS
_fJUS
_2ddc
_n
999 _c2928
_d2928